00507cam a22002171 4500001001300000003000400013005001700017008004100034010001700075025002000092035002000112040002100132042001200153050002100165100002400186245001700210260001100227300001800238500001600256999001700272sa 68007073 DLC20260227112520.0940808s1965 ii 000 1 benr  asa 68007073  aPL480:EP-B-1577 a(OCoLC)30902622 aDLCcCUdCUdDLC apremarc00aPK1730.29.O6bS92 aMoqbul Ahmed, A. K.10aSvīkr̥ti. c[1965] a99 p.c18 cm. aIn Bengali. c81599d81599